An oration, delivered at the interment of Mrs. Lydia Northrup : wife of Mr. Stephen Northrup, of Cheshire, who departed this life, April 26, 1794. /

Bibliographic Details
Main Author: Leland, John, 1754-1841
Format: eBook
Language:English
Series:Early American imprints. Evans (1639-1800) ; no. 27214.
Subjects:
Online Access:Evans Digital Edition

MARC

Tag First Indicator Second Indicator Subfields
LEADER 00000cam a2200000 a 4500
001 in00002139191
006 m e d #
007 cr mn mmmmabba
008 820512s1794 nhu s 000 0 eng d
005 20260330213628.9
035 |z w021457 
035 |a MAAR8205123603B 
035 |9 mwa91-14961 
035 |a 339486 
035 |a aas03021457 
040 |a MWA  |c MWA  |e bdrb  |d UtOrBLW 
100 1 |a Leland, John,  |d 1754-1841. 
245 1 3 |a An oration, delivered at the interment of Mrs. Lydia Northrup :  |b wife of Mr. Stephen Northrup, of Cheshire, who departed this life, April 26, 1794. /  |c By John Leland. 
264 3 |a Portsmouth, New-Hampshire :  |b Printed by Charles Peirce, in Court-Street,  |c M,DCC,XCIV. [1794] 
300 |a 12 pages ;  |c 19 cm. (duodecimo) 
336 |a text  |b txt  |2 rdacontent 
337 |a computer  |b c  |2 rdamedia 
338 |a online resource  |b cr  |2 rdacarrier 
510 4 |a Evans  |c 27214 
530 |a Microform version available in the Readex Early American Imprints series. 
533 |a Electronic text and image data.  |b [Chester, Vt. :  |c Readex, a division of Newsbank, Inc.,  |d 2002-2004.  |e Includes files in TIFF, GIF and PDF formats with inclusion of keyword searchable text.  |f (Early American imprints. First series ; no. 27214). 
500 |a Electronic resource. 
600 1 0 |a Northrup, Lydia,  |d -1794. 
655 7 |a Funeral sermons  |y 1794.  |2 rbgenr 
752 |a United States  |b New Hampshire  |d Portsmouth. 
830 0 |a Early American imprints.  |n Series I,  |p Evans (1639-1800) ;  |v no. 27214. 
856 4 1 |u http://proxy.library.tamu.edu/login?url=https://opac.newsbank.com/select/evans/27214  |y Evans Digital Edition  |t 0 
999 |a MARS 
999 f f |s 6a575cec-acfe-36f8-96f9-b418179ccd08  |i 2e992784-990f-32e6-8bcc-d808c41a2616  |t 0 
952 f f |a Texas A&M University  |b College Station  |c Electronic Resources  |s www_evans  |d Available Online  |t 0  |h No information provided 
998 f f |t 0  |l Available Online